Online
Catalog

Los 16 placeres : (Record no. 43394)

MARC details
000 -CABECERA
campo de control de longitud fija 00783nam a2200217 a 4500
001 - NÚMERO DE CONTROL
campo de control 000043905
005 - FECHA Y HORA DE LA ÚLTIMA TRANSACCIÓN
campo de control 20201002045034.0
008 - DATOS DE LONGITUD FIJA--INFORMACIÓN GENERAL
campo de control de longitud fija 131120s1990 sp a 000 0 spa d
020 ## - NÚMERO INTERNACIONAL ESTÁNDAR DEL LIBRO
Número Internacional Estándar del Libro 8478800220
040 ## - FUENTE DE LA CATALOGACIÓN
Centro catalogador/agencia de origen DO-SdBNP
Lengua de catalogación spa
Centro/agencia transcriptor BNPHU
082 ## - NÚMERO DE LA CLASIFICACIÓN DECIMAL DEWEY
Número de clasificación xxxx
Número de documento/Ítem xxx
100 1# - ENTRADA PRINCIPAL--NOMBRE DE PERSONA
Nombre de persona Lawner, Lynne
9 (RLIN) 71801
245 14 - MENCIÓN DE TÍTULO
Título Los 16 placeres :
Resto del título las cortesanas del renacimiento /
Mención de responsabilidad, etc. Lynne Lawner.
246 12 - FORMA VARIANTE DE TÍTULO
Título propio/Titulo breve Los dieciseis placeres
Resto del título las cortesanas del renacimento
260 ## - PUBLICACIÓN, DISTRIBUCIÓN, ETC.
Lugar de publicación, distribución, etc. España, :
Nombre del editor, distribuidor, etc. Temas de hoy,
Fecha de publicación, distribución, etc. 1990.
300 ## - DESCRIPCIÓN FÍSICA
Extensión 205 p. :
Otras características físicas il. ;
Dimensiones 21 cm.
490 1# - MENCIÓN DE SERIE
Mención de serie Biblioteca erótica
Designación de volumen o secuencia 8
500 ## - NOTA GENERAL
Nota general Incluye datos biografícos de la autora en la solapa de la portada
500 ## - NOTA GENERAL
Nota general La lectura de este libro no está recomendada a menores de 16 años.
830 #0 - PUNTO DE ACCESO ADICIONAL DE SERIE-TÍTULO UNIFORME
Título uniforme Biblioteca erótica
Número de parte o sección de la obra 8
9 (RLIN) 71802
Holdings
Estado de retiro Estado de pérdida Restricciones de uso No para préstamo Código de colección Localización permanente Ubicación/localización actual Ubicación en estantería Fecha de adquisición Número de inventario Total de préstamos Signatura topográfica completa Código de barras Fecha visto por última vez Precio válido a partir de Tipo de ítem Koha
      Excluido de préstamo Monografías: Libros y Folletos General General En catalogación 08.05.2014 LF1   xxxx xxx 43905-10 25.06.2020 25.06.2020 No se presta

Powered by Koha